000 00590nam a2200193 a 4500
001 16544
003 CO-ViMGA
008 141112s2004 ck r 000 u spa d
020 _a9706513272
040 _aCO-ViMGA
_bspa
_cCO-ViMGA
082 0 4 _aR423.61 D422
245 1 0 _aDiccionario Español - Ingles
260 _aBarcelona (España) :
_bOceano,
_c2000
300 _a277.p.
500 _aContiene CD : Diccionario English - Spanish ; Español - Ingles.
590 _aForma de adquisición : Premio - Mincultura
650 1 4 _aESPAÑOL - DICCIONARIOS - INGLES
_923603
942 _2ddc
_cBK
999 _c26342
_d26342